| 000 | 02417nam a2200493 a 4500 | ||
|---|---|---|---|
| 001 | 79682 | ||
| 003 | BD-RjUL | ||
| 005 | 20220411091221.0 | ||
| 008 | 220411s1953 ua 000 0 ara d | ||
| 035 | _a(BD-RjUL)79682 | ||
| 040 |
_aBIC _beng _cBD-RjUL |
||
| 041 | _aara | ||
| 082 |
_223 _a946.8 _bDAM 1953 |
||
| 100 | 1 |
_aضيف، شوقي،[dayfi, shawqi,] _d1910-2005 _eمحقق _92333 |
|
| 245 | 1 | 0 |
_aالمغرب في حلى المغرب /[almaghrib fi hlaa almaghrib] / _cحققه وعلق عليه شوقي ضيف. [haqaqah waealaq ealayh shawqi dayf.] |
| 260 |
_aالقاهرة : _bدار المعارف, _c1953 |
||
| 300 |
_av.; ج. ; : _b1-2 ج. ; _c24 سم. |
||
| 490 |
_aذخائر العرب _v10 |
||
| 505 | _aVol. 1.-- | ||
| 650 | 7 |
_aالدولة الأندلسية _xتاريخ _2BIC _92334 |
|
| 650 | 7 |
_aالشعر العربي _vمجموعات _yالعصر الأندلسي _2BIC _92335 |
|
| 651 | 7 |
_aالدولة الأندلسية _2BIC _92336 |
|
| 651 | 7 |
_aقرطبة _2BIC _92337 |
|
| 651 | 7 |
_aقرطبة _xتاريخ _2BIC _92338 |
|
| 651 | 7 |
_aاشبيلية _2BIC _92339 |
|
| 651 | 7 |
_aاشبيلية _xتاريخ _2BIC _92340 |
|
| 651 | 7 |
_aالدولة الأندلسية _xالمدن _2BIC _92341 |
|
| 651 | 7 |
_aالدولة الأندلسية _xالمدن _zبطليوس _2BIC _92342 |
|
| 651 | 7 |
_aالدولة الأندلسية _xالمدن _zشلب _2BIC _92343 |
|
| 651 | 7 |
_aالدولة الأندلسية _xالمدن _zباجة _2BIC _92344 |
|
| 651 | 7 |
_aالدولة الأندلسية _xالمدن _zاشبونة _2BIC _92345 |
|
| 651 | 7 |
_aالدولة الأندلسية _xالمدن _zمالقة _2BIC _92346 |
|
| 651 | 7 |
_aالدولة الأندلسية _xالمدن _zطليطلة _2BIC _92347 |
|
| 651 | 7 |
_aالدولة الأندلسية _xالمدن _zجيان _92348 |
|
| 651 | 7 |
_aالدولة الأندلسية _xالمدن _zالبيره _2BIC _92349 |
|
| 651 | 7 |
_aالدولة الأندلسية _xالمدن _zالمرية _92350 |
|
| 651 | 7 |
_aالدولة الأندلسية _xالمدن _zبلنسية _92351 |
|
| 651 | 7 |
_aالدولة الأندلسية _xالمدن _zتدمير _92352 |
|
| 651 | 7 |
_aالدولة الأندلسية _xالمدن _zطرطوشة _92353 |
|
| 651 | 7 |
_aالدولة الأندلسية _xالمدن _zالسهلة _92354 |
|
| 651 | 7 |
_aالدولة الأندلسية _xالمدن _zميورقة _92355 |
|
| 830 | 0 |
_aذخائر العرب ; _v10 _91026 |
|
| 942 |
_2ddc _cBK |
||
| 999 |
_c79682 _d79682 |
||